000 00780cam a2200241 4500
001 WB3543-43
008 000000n1999 000 0 eng u
035 _a(Sirsi) u101344
245 _aWhat is there left to convert?
260 _c1999
490 _aFinancial Times
_v30 October 1999, 3:2(1)
520 _aDiscusses the conversion of brownfield sites to residential use in central London, arguing that developers will have to move outward because there are few central sites remaining.
590 _aWB
650 _aBROWNFIELD DEVELOPMENT
650 _aRESIDENTIAL CONVERSIONS
650 _aURBAN RENEWAL
650 _aOFFICE CONVERSIONS
650 _aLOFT APARTMENTS
650 _aLONDON
650 _aCENTRAL LONDON
690 _aURBAN RENEWAL
942 _n0
999 _c60491
_d60491